Statystyki dla Miasta, które organizowały Speedway Grand Prix od 1995 roku

Kliknij tutaj aby rozwiązać quiz!

Ogólne statystyki

  • Ten quiz został rozwiązany 126 razy
  • Średni wynik to 17 z 40

Statystyki odpowiedzi

HintOdpowiedź% Poprawnych
1995-97, 1999-2000, 2004-07, 2019-20Wrocław
89%
2015-19Warszawa
88%
2011-18, 2020Gorzów Wielkopolski
87%
2010-20Toruń
87%
2008-12Leszno
83%
1997-2020Praga
82%
1998-2010, 2013-14Bydgoszcz
76%
2001-19Cardiff
71%
2001-02, 2004, 2013-14Sztokholm
68%
2003-14Kopenhaga
64%
2005-12, 2014-19Malilla
61%
1995-2002, 2009-12, 2019Vojens
59%
2015-17Melbourne
51%
2006-09, 2012-14, 2017Daugavpils
50%
2002Sydney
49%
2002-09, 2013, 2015-19Krsko
48%
1995-96Londyn
46%
2016-19Teterow
42%
2001Berlin
41%
2010-12Gorican
41%
2002-03Chorzów
40%
2015-18Horsens
36%
2012-14Auckland
34%
2002-04, 2008-13Goteborg
34%
2014-15Tampere
33%
2009-13Terenzano
32%
2018-19Hallstavik
28%
1997Landshut
21%
2007Gelsenkirchen
20%
1996, 2005-08Lonigo
20%
1998-2000Coventry
14%
2003Avesta
13%
2005-07Eskilstuna
11%
2002-04Hamar
11%
1995-2000Linkoping
10%
2015-17Solna
7%
1995Abensberg
6%
1996, 1998Pocking
6%
1995Wiener Neustadt
6%
1997Brentford
0%

Rozkład punktacji

Percentyl według liczby udzielonych odpowiedzi

Procent ludzi z każdym wynikiem

Twoja historia wyników

Nie rozwiązałeś tego quizu